[Event "New Delhi Parsvnath op 15th"]
[Site "New Delhi"]
[Date "2017.01.13"]
[Round "7"]
[White "Lalith, Babu MR"]
[Black "Lahiri, Atanu"]
[Result "1-0"]
[WhiteElo "2587"]
[BlackElo "2291"]
[PlyCount "45"]
[EventDate "2017.01.09"]
[EventType "swiss"]
[EventRounds "10"]
[EventCountry "IND"]
[SourceTitle "CBM 176 Extra"]
[Source "ChessBase"]
[SourceDate "2017.03.02"]
[SourceVersion "1"]
[SourceVersionDate "2017.03.02"]
[SourceQuality "1"]

1. d4 e6 2. Nf3 f5 3. c4 Nf6 4. Bf4 d6 5. Nc3 b6 6. g3 Bb7 7. Bg2 Qe7 8. 0-0 g6 9. c5 Nd5 10. cxd6 cxd6 11. Nxd5 Bxd5 12. Rc1 Qd7 13. e4 fxe4 14. Nd2 Be7 15. Bh6 Nc6 16. Nxe4 Bxe4 17. Bxe4 d5 18. Bd3 Nb4 19. Be2 Nxa2 20. Ra1 Nb4 21. Re1 Nc6 22. Bb5 a6 23. Qg4 1-0

[Event "IND-chT 35th"]
[Site "Goa"]
[Date "2015.02.23"]
[Round "6"]
[White "Thejkumar, MS."]
[Black "Lahiri, Atanu"]
[Result "1-0"]
[WhiteElo "2437"]
[BlackElo "2308"]
[PlyCount "51"]
[EventDate "2015.02.20"]
[EventType "team-swiss"]
[EventRounds "9"]
[EventCountry "IND"]
[SourceTitle "CBM 165 Extra"]
[Source "ChessBase"]
[SourceDate "2015.04.21"]
[SourceVersion "1"]
[SourceVersionDate "2015.04.21"]
[SourceQuality "1"]
[WhiteTeam "Railway Sports"]
[BlackTeam "Life Insurance Corporation"]
[WhiteTeamCountry "IND"]
[BlackTeamCountry "IND"]

1. d4 Nf6 2. c4 g6 3. Nc3 Bg7 4. e4 d6 5. Be2 0-0 6. Bg5 Na6 7. Qd2 e5 8. d5 Nc5 9. f3 a5 10. h4 c6 11. g4 cxd5 12. cxd5 Bd7 13. Nh3 Qb8 14. Nf2 b5 15. h5 b4 16. Ncd1 Bb5 17. Ne3 h6 18. Bxf6 Bxf6 19. hxg6 fxg6 20. Nf5 gxf5 21. Qxh6 Ra7 22. g5 Bxg5 23. Rg1 Rg7 24. Rxg5 Rff7 25. Kd2 Rxg5 26. Rh1 1-0

[Event "IND-chT 35th"]
[Site "Goa"]
[Date "2015.02.21"]
[Round "3"]
[White "Ganguly, Surya Shekhar"]
[Black "Lahiri, Atanu"]
[Result "1-0"]
[WhiteElo "2595"]
[BlackElo "2308"]
[PlyCount "59"]
[EventDate "2015.02.20"]
[EventType "team-swiss"]
[EventRounds "9"]
[EventCountry "IND"]
[SourceTitle "CBM 165 Extra"]
[Source "ChessBase"]
[SourceDate "2015.04.21"]
[SourceVersion "1"]
[SourceVersionDate "2015.04.21"]
[SourceQuality "1"]
[WhiteTeam "Petroleum Sports"]
[BlackTeam "Life Insurance Corporation"]
[WhiteTeamCountry "IND"]
[BlackTeamCountry "IND"]

1. e4 g6 2. d4 Bg7 3. Be3 d6 4. Qd2 a6 5. f3 c6 6. h4 h5 7. Nc3 Nd7 8. 0-0-0 b5 9. Nh3 Nb6 10. Qf2 Bxh3 11. Rxh3 d5 12. Bd3 e6 13. Bg5 Qc7 14. Kb1 Nf6 15. Ne2 Nfd7 16. g4 Rc8 17. gxh5 Rxh5 18. Qg2 c5 19. Nf4 Rxg5 20. Qxg5 c4 21. Be2 c3 22. b3 Nc4 23. Bxc4 bxc4 24. Nxe6 fxe6 25. Qxg6+ Kf8 26. Rg3 Nf6 27. Rdg1 Ne8 28. Qxe6 Rd8 29. Rg5 Rd7 30. h5 1-0

[Event "Bangkok op 14th"]
[Site "Bangkok"]
[Date "2014.04.13"]
[Round "3"]
[White "Gustafsson, Jan"]
[Black "Lahiri, Atanu"]
[Result "1-0"]
[WhiteElo "2634"]
[BlackElo "2311"]
[PlyCount "40"]
[EventDate "2014.04.12"]
[EventType "swiss"]
[EventRounds "9"]
[EventCountry "THA"]
[SourceTitle "CBM 159 Extra"]
[Source "ChessBase"]
[SourceDate "2014.04.24"]
[SourceVersion "1"]
[SourceVersionDate "2014.04.24"]
[SourceQuality "1"]

1. d4 Nf6 2. c4 e6 3. Nc3 Bb4 4. Qc2 0-0 5. Nf3 c5 6. dxc5 Na6 7. g3 Nxc5 8. Bg2 Nce4 9. 0-0 Nxc3 10. bxc3 Be7 11. e4 d6 12. e5 dxe5 13. Nxe5 Qc7 14. Qe2 Bd6 15. Re1 Bd7 16. Bf4 Rac8 17. Rad1 Ba4 18. Rd4 Bc6 19. Nxc6 Bxf4 20. Nxa7 Qd8 1-0

[Event "IND-chB 51st"]
[Site "Bhopal"]
[Date "2013.10.19"]
[Round "10"]
[White "Lahiri, Atanu"]
[Black "Abhishek, Das"]
[Result "1/2-1/2"]
[WhiteElo "2325"]
[BlackElo "2228"]
[PlyCount "42"]
[EventDate "2013.10.12"]
[EventType "swiss"]
[EventRounds "13"]
[EventCountry "IND"]
[SourceTitle "EXT 2014"]
[Source "ChessBase"]
[SourceDate "2013.11.20"]
[SourceVersion "1"]
[SourceVersionDate "2013.11.20"]
[SourceQuality "1"]

1. e4 c5 2. Nc3 Nc6 3. Bb5 Nd4 4. Bc4 e6 5. Nge2 Nf6 6. 0-0 d5 7. exd5 exd5 8. Nxd5 Nxd5 9. Nxd4 Be7 10. Qh5 cxd4 11. Qxd5 Be6 12. Qxb7 0-0 13. Bxe6 fxe6 14. d3 Rc8 15. c4 dxc3 16. bxc3 Bf6 17. Be3 Rxc3 18. Qxa7 Rc7 19. Qa6 Bxa1 20. Qxe6+ Kh8 21. Rxa1 Qxd3 1/2-1/2

[Event "IND-chT 33rd"]
[Site "Hyderabad"]
[Date "2013.02.22"]
[Round "3.1"]
[White "Sethuraman, SP."]
[Black "Lahiri, Atanu"]
[Result "1-0"]
[WhiteElo "2538"]
[BlackElo "2319"]
[PlyCount "75"]
[EventDate "2013.02.20"]
[EventType "team-swiss"]
[EventRounds "9"]
[EventCountry "IND"]
[SourceTitle "CBM 153 Extra"]
[Source "ChessBase"]
[SourceDate "2013.04.22"]
[SourceVersion "1"]
[SourceVersionDate "2013.04.22"]
[SourceQuality "1"]
[WhiteTeam "PSPB"]
[BlackTeam "LIC of India"]
[WhiteTeamCountry "IND"]
[BlackTeamCountry "IND"]

1. d4 Nf6 2. c4 e6 3. Nc3 d5 4. Nf3 Be7 5. Bg5 0-0 6. e3 h6 7. Bxf6 Bxf6 8. Qb3 c6 9. Bd3 Nd7 10. 0-0 dxc4 11. Bxc4 b5 12. Be2 Bb7 13. Ne4 Be7 14. Rac1 Rc8 15. Rfd1 Qb6 16. Ne5 Nxe5 17. dxe5 Rfd8 18. Nd6 Rc7 19. Bg4 c5 20. Qxb5 Bxd6 21. Qxb6 axb6 22. Rxd6 Rxd6 23. exd6 Rd7 24. Rd1 f5 25. Be2 Bd5 26. Bb5 Rd8 27. a4 Kf7 28. f3 g5 29. Kf2 Kf6 30. h3 Ke5 31. d7 Kf6 32. g4 fxg4 33. hxg4 Ke7 34. f4 Rg8 35. f5 Rf8 36. e4 Bxe4 37. d8Q+ Rxd8 38. f6+ 1-0

[Event "IND-ch Challengers 50th"]
[Site "Tirupati"]
[Date "2012.05.25"]
[Round "10.8"]
[White "Lahiri, Atanu"]
[Black "Phadke, Sohan"]
[Result "1/2-1/2"]
[WhiteElo "2332"]
[BlackElo "2266"]
[PlyCount "51"]
[EventDate "2012.05.18"]
[EventType "swiss"]
[EventRounds "13"]
[EventCountry "IND"]
[SourceTitle "CBM 148 Extra"]
[Source "ChessBase"]
[SourceDate "2012.06.22"]
[SourceVersion "1"]
[SourceVersionDate "2012.06.22"]
[SourceQuality "1"]

1. d4 d5 2. c4 e6 3. Nf3 c5 4. e3 Nf6 5. Nc3 Nc6 6. a3 a6 7. dxc5 Bxc5 8. b4 Bd6 9. Bb2 0-0 10. Bd3 dxc4 11. Bxc4 b5 12. Bb3 Bb7 13. 0-0 Qe7 14. Qe2 Rfd8 15. Rfd1 Rac8 16. Rac1 Bb8 17. Rxd8+ Rxd8 18. Rd1 Rxd1+ 19. Qxd1 Qd6 20. Qxd6 Bxd6 21. Kf1 Kf8 22. Ke2 Ke7 23. h3 h6 24. Bc2 Bc8 25. Ne4 Nxe4 26. Bxe4 1/2-1/2

[Event "IND-chB 49th"]
[Site "Aurangabad"]
[Date "2011.06.19"]
[Round "6"]
[White "Ashwin, Jayaram"]
[Black "Lahiri, Atanu"]
[Result "1/2-1/2"]
[WhiteElo "2439"]
[BlackElo "2368"]
[PlyCount "107"]
[EventDate "2011.06.16"]
[EventType "swiss"]
[EventRounds "13"]
[EventCountry "IND"]
[SourceTitle "CBM 143 Extra"]
[Source "ChessBase"]
[SourceDate "2011.08.29"]
[SourceVersion "1"]
[SourceVersionDate "2011.08.29"]
[SourceQuality "1"]

1. d4 d5 2. c4 e6 3. Nf3 Nf6 4. g3 Bb4+ 5. Bd2 Bd6 6. Qc2 c6 7. Bf4 Bxf4 8. gxf4 c5 9. cxd5 cxd4 10. Nxd4 0-0 11. Nc3 Nxd5 12. 0-0-0 Nxc3 13. Qxc3 Qf6 14. Nb5 Qxc3+ 15. Nxc3 a6 16. Bg2 Ra7 17. Rd6 Re8 18. Rhd1 Kf8 19. a4 Ke7 20. b4 Bd7 21. Kb2 Rc8 22. Kb3 Bc6 23. Be4 Nd7 24. a5 Nf6 25. Bxc6 bxc6 26. R6d4 c5 27. Rc4 Rb7 28. Rc1 Nd7 29. Ka4 Rxb4+ 30. Rxb4 cxb4 31. Nd5+ Kd8 32. Rxc8+ Kxc8 33. Ne3 Nb8 34. Nc4 Kc7 35. Kxb4 Kc6 36. e4 f6 37. Nd2 Nd7 38. Nb3 g5 39. e5 gxf4 40. exf6 Nxf6 41. Nc5 f3 42. Nxe6 Ne4 43. Nd4+ Kd5 44. Nxf3 Nxf2 45. Kc3 Kc5 46. h4 Kb5 47. h5 Kxa5 48. h6 Ng4 49. Ng5 Nf6 50. Kc4 Kb6 51. Kb4 a5+ 52. Ka4 Ka6 53. Ne6 Kb6 54. Ng5 1/2-1/2

[Event "IND-chB 49th"]
[Site "Aurangabad"]
[Date "2011.06.17"]
[Round "3"]
[White "Lahiri, Atanu"]
[Black "Shetty, Rahul"]
[Result "1-0"]
[WhiteElo "2368"]
[BlackElo "2261"]
[PlyCount "74"]
[EventDate "2011.06.16"]
[EventType "swiss"]
[EventRounds "13"]
[EventCountry "IND"]
[SourceTitle "CBM 143 Extra"]
[Source "ChessBase"]
[SourceDate "2011.08.29"]
[SourceVersion "1"]
[SourceVersionDate "2011.08.29"]
[SourceQuality "1"]

1. e4 c5 2. Nf3 d6 3. d4 cxd4 4. Nxd4 Nf6 5. Nc3 e6 6. Be3 a6 7. f3 b5 8. g4 Nfd7 9. Qd2 Nb6 10. a3 N8d7 11. Qf2 Bb7 12. h4 Rc8 13. g5 Rxc3 14. bxc3 Qc7 15. Bd2 d5 16. exd5 Bd6 17. Rg1 Bxd5 18. Bd3 Ne5 19. Kf1 0-0 20. Re1 Nec4 21. Bc1 Nxa3 22. h5 Qxc3 23. Qh4 Bc5 24. Ne2 Qb4 25. Rg4 Nac4 26. Ng1 Nd2+ 27. Kg2 Nbc4 28. Re2 Qb1 29. Qe1 Bxg1 30. Rxd2 Be3 31. Bxc4 Bxc4 32. Qxe3 Qxc1 33. h6 Bd5 34. Qc3 f6 35. hxg7 Rf7 36. gxf6 Bxf3+ 37. Kxf3 Qh1+ 1-0

[Event "Thailand op 11th"]
[Site "Pattaya"]
[Date "2011.04.12"]
[Round "2"]
[White "Savolainen, Lev P"]
[Black "Lahiri, Atanu"]
[Result "0-1"]
[WhiteElo "2176"]
[BlackElo "2350"]
[PlyCount "56"]
[EventDate "2011.04.11"]
[EventType "swiss"]
[EventRounds "9"]
[EventCountry "THA"]
[SourceTitle "CBM 141 Extra"]
[Source "ChessBase"]
[SourceDate "2011.05.03"]
[SourceVersion "1"]
[SourceVersionDate "2011.05.03"]
[SourceQuality "1"]

1. d4 d5 2. c4 c6 3. Nf3 Nf6 4. Nc3 dxc4 5. e3 b5 6. a4 b4 7. Nb1 e6 8. Bxc4 c5 9. 0-0 Bb7 10. Nbd2 Nbd7 11. Qe2 Be7 12. b3 0-0 13. Bb2 Nd5 14. Ne4 Qa5 15. Rac1 Rac8 16. Rfd1 Rfd8 17. dxc5 Nxc5 18. Nxc5 Bxc5 19. Nd4 Nc3 20. Bxc3 bxc3 21. Nb5 Bb4 22. Rxd8+ Rxd8 23. Rd1 Rd2 24. Rxd2 cxd2 25. Nd4 Qg5 26. f3 Qh4 27. g3 Qh5 28. Kg2 e5 0-1

[Event "IND-chB 48th"]
[Site "Bhiwani"]
[Date "2010.09.17"]
[Round "2"]
[White "Mithil, Ajgaonkar"]
[Black "Lahiri, Atanu"]
[Result "0-1"]
[WhiteElo "2094"]
[BlackElo "2353"]
[PlyCount "46"]
[EventDate "2010.09.16"]
[EventType "swiss"]
[EventRounds "13"]
[EventCountry "IND"]
[SourceTitle "CBM 138 Extra"]
[Source "ChessBase"]
[SourceDate "2010.10.29"]
[SourceVersion "1"]
[SourceVersionDate "2010.10.29"]
[SourceQuality "1"]

1. d4 Nf6 2. g3 g6 3. Bg2 Bg7 4. e4 d6 5. Ne2 0-0 6. 0-0 e5 7. dxe5 dxe5 8. Qxd8 Rxd8 9. Nbc3 Be6 10. b3 Nc6 11. Bg5 Nb4 12. f4 h6 13. Bxf6 Bxf6 14. f5 gxf5 15. exf5 Bc8 16. Ne4 Be7 17. f6 Bf8 18. Rfc1 Nd5 19. Kf2 Bf5 20. Ng1 Ba3 21. Rd1 Bb2 22. Rab1 Bd4+ 23. Kf1 Ne3+ 0-1

[Event "Brezova op"]
[Site "Brezova pod Bradlom"]
[Date "2010.08.29"]
[Round "9"]
[White "Lahiri, Atanu"]
[Black "Pagerka, Martin"]
[Result "1-0"]
[WhiteElo "2353"]
[BlackElo "2215"]
[PlyCount "80"]
[EventDate "2010.08.22"]
[EventType "swiss"]
[EventRounds "9"]
[EventCountry "SVK"]
[SourceTitle "CBM 138 Extra"]
[Source "ChessBase"]
[SourceDate "2010.10.29"]
[SourceVersion "1"]
[SourceVersionDate "2010.10.29"]
[SourceQuality "1"]

1. d4 Nf6 2. c4 c5 3. d5 b5 4. Qc2 d6 5. e4 Na6 6. a3 Qa5+ 7. Bd2 b4 8. Bd3 g5 9. Nf3 h6 10. 0-0 Bg7 11. e5 Ng4 12. exd6 exd6 13. Re1+ Kf8 14. Bc1 Bd7 15. Nbd2 Ba4 16. Qb1 Rb8 17. b3 Bd7 18. Bb2 Qd8 19. Ne4 Bc8 20. axb4 Nxb4 21. Bxg7+ Kxg7 22. Rxa7 Re8 23. Ng3 Rxe1+ 24. Nxe1 Kf8 25. Nh5 Ne5 26. Bf5 Qb6 27. Ra3 Ba6 28. Nf3 Re8 29. Nf6 Nxf3+ 30. gxf3 Re7 31. Nd7+ Rxd7 32. Bxd7 Qd8 33. Qf5 Qe7 34. Kg2 Kg7 35. h4 Qe2 36. hxg5 Nd3 37. Qf6+ Kg8 38. Qd8+ Kg7 39. gxh6+ Kxh6 40. Qf6+ Kh5 1-0

[Event "Brezova op"]
[Site "Brezova pod Bradlom"]
[Date "2010.08.24"]
[Round "3"]
[White "Jurcik, Marian"]
[Black "Lahiri, Atanu"]
[Result "1/2-1/2"]
[WhiteElo "2484"]
[BlackElo "2353"]
[PlyCount "45"]
[EventDate "2010.08.22"]
[EventType "swiss"]
[EventRounds "9"]
[EventCountry "SVK"]
[SourceTitle "CBM 138 Extra"]
[Source "ChessBase"]
[SourceDate "2010.10.29"]
[SourceVersion "1"]
[SourceVersionDate "2010.10.29"]
[SourceQuality "1"]

1. d4 Nf6 2. c4 g6 3. Nc3 Bg7 4. Bg5 0-0 5. Nf3 c5 6. e3 cxd4 7. exd4 d5 8. Bxf6 Bxf6 9. Nxd5 Bg7 10. Nc3 Bg4 11. Be2 Nc6 12. d5 Bxf3 13. Bxf3 Ne5 14. Be2 Rc8 15. Qb3 Qc7 16. 0-0 Nxc4 17. Nb5 Qf4 18. g3 Qe4 19. Bxc4 Qxc4 20. d6 exd6 21. Nxd6 Qxb3 22. axb3 Rc6 23. Nxb7 1/2-1/2

[Event "Latschach op 26th"]
[Site "Latschach"]
[Date "2010.08.21"]
[Round "9"]
[White "Lahiri, Atanu"]
[Black "Poetsch, Hagen"]
[Result "1/2-1/2"]
[WhiteElo "2353"]
[BlackElo "2402"]
[PlyCount "62"]
[EventDate "2010.08.14"]
[EventType "swiss"]
[EventRounds "9"]
[EventCountry "AUT"]
[SourceTitle "CBM 138 Extra"]
[Source "ChessBase"]
[SourceDate "2010.10.29"]
[SourceVersion "1"]
[SourceVersionDate "2010.10.29"]
[SourceQuality "1"]

1. d4 d5 2. c4 Nc6 3. Nc3 dxc4 4. Nf3 Nf6 5. Bg5 a6 6. d5 Na7 7. e4 Nb5 8. Qa4 Bd7 9. Qxc4 Nxc3 10. bxc3 h6 11. Bh4 e6 12. Be2 exd5 13. exd5 Bd6 14. Qd4 0-0 15. 0-0 Re8 16. Bd3 g5 17. Bg3 Nh5 18. Rfe1 Qf6 19. Qxf6 Nxf6 20. c4 b5 21. Be5 Ng4 22. Bd4 c5 23. dxc6 Bxc6 24. cxb5 axb5 25. Rxe8+ Rxe8 26. h3 Ne5 27. Bxe5 Bxe5 28. Nxe5 Rxe5 29. Rc1 Bd7 30. Rc7 Be6 31. Rb7 Bxa2 1/2-1/2

[Event "Latschach op 26th"]
[Site "Latschach"]
[Date "2010.08.18"]
[Round "6"]
[White "Rotstein, Arkadij"]
[Black "Lahiri, Atanu"]
[Result "1-0"]
[WhiteElo "2527"]
[BlackElo "2353"]
[PlyCount "55"]
[EventDate "2010.08.14"]
[EventType "swiss"]
[EventRounds "9"]
[EventCountry "AUT"]
[SourceTitle "CBM 138 Extra"]
[Source "ChessBase"]
[SourceDate "2010.10.29"]
[SourceVersion "1"]
[SourceVersionDate "2010.10.29"]
[SourceQuality "1"]

1. d4 Nf6 2. Nf3 g6 3. g3 Bg7 4. Bg2 0-0 5. 0-0 d6 6. a4 Nbd7 7. a5 c6 8. Nbd2 Qc7 9. e4 e5 10. dxe5 Nxe5 11. Nxe5 dxe5 12. Nc4 Be6 13. Qe2 b5 14. axb6 axb6 15. Rxa8 Rxa8 16. f4 exf4 17. gxf4 b5 18. Ne3 Qb6 19. Kh1 Re8 20. Qf3 Qc5 21. e5 Nd5 22. f5 gxf5 23. Nxf5 Bxf5 24. Qxf5 Qe7 25. Rg1 Kf8 26. Bxd5 cxd5 27. Bd2 Qc5 28. Qg5 1-0

[Event "Tabor op"]
[Site "Tabor"]
[Date "2010.08.02"]
[Round "2"]
[White "Lahiri, Atanu"]
[Black "Zadrapa, Radek"]
[Result "1-0"]
[WhiteElo "2353"]
[BlackElo "2049"]
[PlyCount "91"]
[EventDate "2010.08.01"]
[EventType "swiss"]
[EventRounds "9"]
[EventCountry "CZE"]
[SourceTitle "EXT 2012"]
[Source "ChessBase"]
[SourceDate "2011.11.24"]
[SourceVersion "1"]
[SourceVersionDate "2011.11.24"]
[SourceQuality "1"]

1. d4 Nf6 2. c4 d6 3. Nc3 g6 4. e4 Bg7 5. f4 0-0 6. Nf3 Na6 7. Bd3 Nd7 8. 0-0 c5 9. d5 Rb8 10. Qe1 Nb4 11. Bb1 Nb6 12. a3 Na6 13. Bd3 e6 14. Bd2 Bd7 15. Qg3 f5 16. e5 Nc8 17. Rfe1 Nc7 18. Rad1 Re8 19. Ng5 b5 20. Nxb5 Bxb5 21. cxb5 exd5 22. a4 Ne6 23. exd6 Nxg5 24. fxg5 Rb6 25. Ba5 Rxe1+ 26. Rxe1 Nxd6 27. Bxb6 axb6 28. b3 Ne4 29. Bxe4 dxe4 30. Kh1 Bd4 31. Qf4 e3 32. h4 Kg7 33. Kh2 Kf7 34. Kh3 Ke6 35. Qf3 Qd5 36. Qxd5+ Kxd5 37. g3 Ke4 38. Kg2 Kd3 39. Kf3 Kc3 40. a5 bxa5 41. b6 c4 42. b7 Ba7 43. bxc4 Kxc4 44. Rxe3 a4 45. Re8 a3 46. Ra8 1-0